000
00339 a2200157 4500
001
47863
020
_a
9788568590089
040
_c
Anchieta - Aquarius
100
_a
Zapata, Renato
240
1
0
_a
Menino semente
_l
por
245
1
0
_a
Menino semente
300
_a
25
362
0
_a
2014
650
4
_a
Literatura infanto-juvenil
942
_c
BK
999
_c
47863
_d
47863